| 000 | 01394nam a2200373Ia 4500 | ||
|---|---|---|---|
| 001 | ebr10484088 | ||
| 003 | CaPaEBR | ||
| 006 | m u | ||
| 007 | cr cn||||||||| | ||
| 008 | 990225s1999 ne a sb 001 0 eng d | ||
| 010 | _z 99022516 | ||
| 020 | _z9789027251374 | ||
| 020 | _z1556194331 | ||
| 020 | _z9027251371 | ||
| 040 |
_aCaPaEBR _cCaPaEBR |
||
| 035 | _a(OCoLC)746853796 | ||
| 050 | 1 | 4 |
_aB105.I56 _bH87 1999eb |
| 082 | 0 | 4 |
_a128/.2 _221 |
| 100 | 1 | _aHutto, Daniel D. | |
| 245 | 1 | 4 |
_aThe presence of mind _h[electronic resource] / _cDaniel D. Hutto. |
| 260 |
_aAmsterdam ; _aPhiladelphia : _bJ. Benjamins, _cc1999. |
||
| 300 |
_axiv, 252 p. : _bill. |
||
| 490 | 1 |
_aAdvances in consciousness research, _x1381-589X ; _vv. 17 |
|
| 504 | _aIncludes bibliographical references (p. [195]-222) and index. | ||
| 533 |
_aElectronic reproduction. _bPalo Alto, Calif. : _cebrary, _d2013. _nAvailable via World Wide Web. _nAccess may be limited to ebrary affiliated libraries. |
||
| 650 | 0 | _aIntentionality (Philosophy) | |
| 650 | 0 | _aIntentionalism. | |
| 650 | 0 | _aConnectionism. | |
| 650 | 0 | _aAct (Philosophy) | |
| 655 | 7 |
_aElectronic books. _2local |
|
| 710 | 2 | _aebrary, Inc. | |
| 830 | 0 |
_aAdvances in consciousness research ; _vv. 17. |
|
| 856 | 4 | 0 |
_uhttp://site.ebrary.com/lib/rucke/Doc?id=10484088 _zAn electronic book accessible through the World Wide Web; click to view |
| 999 |
_c120627 _d120627 |
||